000
00315nam a22001337a 4500
008
171122b xxu||||| |||| 00| 0 eng d
020
_a
9780395797044
041
_a
eng
080
_2
6 ED
_a
330.722.6
100
_a
62
101
_a
KON
245
_a
WORKING THE COLEGE ACCOUTING
_c
BILLE.P.A
942
_2
udc
_c
BK
999
_c
38289
_d
38289